Kanye West Discography (Hard) - Statistics

General Stats
  • This quiz has been taken 191 times
  • The average score is 13 of 22
Answer Stats
Year Type Name % Correct
2004 Solo Album The College Dropout
92%
2007 Solo Album Graduation
90%
2021 Solo Album Donda
89%
2005 Solo Album Late Registration
89%
2018 Solo Album Ye
89%
2013 Solo Album Yeezus
87%
2010 Solo Album My Beautiful Dark Twisted Fantasy
86%
2016 Solo Album The Life Of Pablo
85%
2011 Collaborative Album Watch The Throne
82%
2008 Solo Album 808's & Heartbreak
81%
2018 Collaborative Album Kids See Ghosts
81%
2019 Solo Album Jesus Is King
80%
2022 Solo Album Donda 2
75%
2006 Live Album Late Orchestration
59%
2012 Compilation Album Cruel Summer
51%
2002 Mixtape Get Well Soon...
28%
2007 Mixtape Can't Tell Me Nothing
22%
2003 Mixtape I'm Good...
18%
2004 Mixtape Kon the Louis Vuitton Don
10%
2010 Live Album VH1 Storytellers
8%
2005 Video Album The College Dropout Video Anthology
7%
2006 Mixtape Welcome to Kanye's Soul Mix Sow
3%
No matching quizzes found
Score Distribution
Percent of People with Each Score
Percentile by Number Answered
Your Score History
You have not taken this quiz